Library Banner

Managing difficult interactions (Record no. 48233)

MARC details
000 -LEADER
fixed length control field 00515nam a2200181Ia 4500
001 - CONTROL NUMBER
control field 50581
008 - FIXED-LENGTH DATA ELEMENTS--GENERAL INFORMATION
fixed length control field 140502s9999 xx 000 0 und d
020 ## - INTERNATIONAL STANDARD BOOK NUMBER
International Standard Book Number 9781422125083
040 ## - CATALOGING SOURCE
Transcribing agency PK-LaUMT
082 ## - DEWEY DECIMAL CLASSIFICATION NUMBER
Classification number 658.4053
Item number HAR-M
110 ## - MAIN ENTRY--CORPORATE NAME
Corporate name or jurisdiction name as entry element Harvard Business School
245 ## - TITLE STATEMENT
Title Managing difficult interactions
Remainder of title export solutions to everyday challenges
Statement of responsibility, etc Harvard Business School
260 ## - PUBLICATION, DISTRIBUTION, ETC. (IMPRINT)
Place of publication, distribution, etc Boston,USA:
Name of publisher, distributor, etc Harvard Business School,
Date of publication, distribution, etc 2008
300 ## - PHYSICAL DESCRIPTION
Extent 84 p.
546 ## - LANGUAGE NOTE
Language note EN
650 ## - SUBJECT ADDED ENTRY--TOPICAL TERM
Topical term or geographic name as entry element Management
942 ## - ADDED ENTRY ELEMENTS (KOHA)
Koha item type Books
Holdings
Withdrawn status Lost status Damaged status Not for loan Home library Current library Date acquired Total Checkouts Full call number Barcode Date last seen Date checked out Price effective from Koha item type
        UMT Main Campus UMT Main Campus 2014-05-02 8 658.4053 HAR-M 60687 2026-05-07 2025-08-23 2014-05-08 Books